| 000 | 008910000a22002290004500 | ||
|---|---|---|---|
| 003 | dpl | ||
| 005 | 2008102903203.0 | ||
| 008 | 081029t xxu||||| |||| 00| 0 eng d | ||
| 010 | _aENG-84620 | ||
| 020 |
_a8176298794 _c1280.00 (hb) |
||
| 035 | _aEN-68153 | ||
| 040 | _cdpl | ||
| 082 | _a338.90091734 | ||
| 245 |
_aReforms, rural development and the human face: _bperspectives, perceptions, prescriptions / _cedited by S Kaushil and Surat Singh |
||
| 260 |
_aNew Delhi _bDeep and Deep Publications _c2006 |
||
| 300 |
_axxxviii,440p _c24cm |
||
| 500 | _aIncludes bibliographical references and index | ||
| 700 |
_aKaushil, S _ced |
||
| 700 |
_aSurat Singh _ced |
||
| 942 |
_2ddc _cEN _h338.90091734 _mREF |
||
| 999 |
_c17924 _d17924 |
||